Expressions tirées de l'histoire antique - Statistiques

Statistiques générales
  • Ce quiz a été pris 696 fois
  • Le résultat moyen est 7 sur 15
Statistiques - réponses
Indice Réponse % Correct
se reposer sur ses ... lauriers
95%
épée de ... Damoclès
92%
riche comme ... Crésus
89%
cela s'annonce bien, c'est de bon ... augure
85%
être sous les meilleures ... auspices
58%
franchir le ... Rubicon
58%
devenir très riche, toucher le ... pactole
52%
trés strict, un régime ... draconien
46%
trancher le noeud ... gordien
30%
victoire à la ... Pyrrhus
30%
renvoyer à jamais, aux ... calendes grecques
26%
passer sous les fourches ... caudines
19%
ramollissement causé par le luxe,les délices de ... Capoue
12%
femme de moralité légère Messaline
5%
se dit d'un rire énorme, bruyant et de bon coeur homérique
2%
Aucun quiz correspondant
Distribution des résultats
% des personnes avec chaque résultat
Percentile par nombre de réponses
Votre historique - résultats
Vous n’avez pas pris ce quiz